000
00278nam a22001217a 4500
008
180222b xxu||||| |||| 00| 0 eng d
041
_a
eng
080
_a
32
100
_a
23
101
_a
pol
245
_a
political economy and laissez faire
_c
rajani.k.k
942
_2
udc
_c
BK
999
_c
43164
_d
43164